000
00277nam a2200109Ia 4500
008
231011s9999 xx 000 0 und d
041
_a
eng
100
_a
Chetverikov
245
_a
Data Processing For Control and Management.
260
_b
MIR Publishar Moscow. -
365
_b
11
999
_c
883332
_d
883332